000 00319nam a2200145Ia 4500
100 _aEdminister/ J.A.
250 _a2
942 _cBK
654 _aelectromagnetics
245 _aElectromagnetics-Schaums Series
260 _bTata Mc Graw hill
_aNew york
_c1993
300 _a322
546 _aENGLISH
999 _c33148
_d33148